[Event "WYCC 2018 O18"]
[Site "Halkidiki"]
[Date "2018.10.23"]
[Round "5"]
[White "Miciano, John Marvin"]
[Black "Liska, Jiri"]
[Result "1-0"]
[WhiteElo "2361"]
[BlackElo "2245"]
[Annotator "NA"]
[PlyCount "97"]
[EventDate "2018.10.20"]
[EventType "swiss"]
[EventCountry "GRE"]
[SourceTitle "playchess.com"]
[Source "ChessBase"]
[SourceQuality "1"]
[TimeControl "40/5400+30:1800+30"]

1. d4 {[%emt 0:00:00] Roiz,M} Nf6 {[%emt 0:00:00]} 2. g3 {[%emt 0:00:00]} g6 {[%emt 0:00:41]} 3. Bg2 {[%emt 0:00:03]} d5 {[%emt 0:00:42]} 4. c4 {[%emt 0:00:37]} c6 {[%emt 0:00:56]} 5. Qa4 {[%emt 0:00:17] D71: Fianchetto Grünfeld: 3 g3 d5 sidelines and 5 cxd5 (without Nf3)} Nfd7 {[%emt 0:09:11]} (5... Bg7 6. cxd5 O-O 7. e4 cxd5 8. e5 Nfd7 9. Nc3 Nb6 10. Qd1 Nc6 11. Nge2 Bg4 12. h3 Bxe2 13. Nxe2 {0-1 (60) Mamedyarov,S (2801)-Vachier Lagrave,M (2779) Saint Louis 2018}) 6. cxd5 {[%emt 0:00:27]} Nb6 {[%emt 0:00:11]} 7. Qd1 {[%emt 0:00:27]} cxd5 {[%emt 0:00:20]} 8. e3 {[%emt 0:00:41]} Bg7 {[%emt 0:00:36]} 9. Ne2 {[%emt 0:00:09]} O-O {[%emt 0:04:05]} 10. Nbc3 {[%emt 0:00:37]} Nc6 {[%emt 0:01:18]} 11. O-O {[%emt 0:01:06]} e6 {[%emt 0:03:04]} 12. b3 {[%emt 0:01:02]} Bd7 $146 {[%emt 0:17:01]} ({Predecessor:} 12... a5) 13. a4 {[%emt 0:09:19]} Re8 {[%emt 0:07:56]} 14. Ba3 {[%emt 0:06:15]} a6 {[%emt 0:06:23]} 15. Rc1 {[%emt 0:05:11]} f5 {[%emt 0:08:00]} 16. Nf4 {[%emt 0:06:51]} Qf6 {[%emt 0:04:33]} 17. Bc5 {[%emt 0:03:50]} Nc8 {[%emt 0:01:51]} 18. Nd3 {[%emt 0:11:39]} b6 {[%emt 0:03:27]} 19. Ba3 {[%emt 0:00:27]} Bf8 {[%emt 0:01:11]} 20. Bxf8 {[%emt 0:00:10]} Kxf8 {[%emt 0:00:15]} 21. f4 {[%emt 0:03:05]} Qe7 {[%emt 0:03:56]} 22. Ne5 {[%emt 0:04:37]} Nxe5 {[%emt 0:02:17]} 23. fxe5 {[%emt 0:01:13]} Qg5 {[%emt 0:02:52]} 24. e4 {[%emt 0:03:01]} Ne7 {[%emt 0:07:19]} 25. exd5 {[%emt 0:03:52]} exd5 {[%emt 0:01:26]} 26. Qd3 {[%emt 0:07:24]} Rac8 {[%emt 0:07:05]} 27. Ne2 {[%emt 0:00:19]} Rxc1 {[%emt 0:02:40]} 28. Rxc1 {[%emt 0:00:10]} Rc8 {[%emt 0:01:00]} 29. Rxc8+ {[%emt 0:00:18]} Bxc8 {[%emt 0:00:04]} 30. Nf4 {[%emt 0:00:12]} Ke8 {[%emt 0:01:42]} 31. Qc3 {[%emt 0:00:43]} Bb7 {[%emt 0:01:58]} 32. Kf2 {[%emt 0:02:31]} Qh6 {[%emt 0:00:32]} 33. h4 {[%emt 0:02:50]} g5 {[%emt 0:00:31]} 34. hxg5 {[%emt 0:00:07]} Qc6 {[%emt 0:00:32]} 35. Qxc6+ {[%emt 0:00:43]} Bxc6 {[%emt 0:00:01]} 36. Bf1 {[%emt 0:01:24]} a5 {[%emt 0:01:17]} 37. Bd3 {[%emt 0:00:33]} Kf7 {[%emt 0:00:36]} 38. e6+ {[%emt 0:00:19]} Kg7 {[%emt 0:00:20]} 39. g4 {[%emt 0:01:01]} h6 {[%emt 0:01:07]} 40. gxf5 {[%emt 0:00:00]} hxg5 {[%emt 0:00:00]} 41. Nh5+ {[%emt 0:01:44]} Kf8 {[%emt 0:01:43]} 42. Kf3 {[%emt 0:00:27]} b5 {[%emt 0:02:08]} 43. Kg4 {[%emt 0:02:34]} bxa4 {[%emt 0:01:57]} 44. bxa4 {[%emt 0:00:07]} Bxa4 {[%emt 0:00:14]} 45. Kxg5 {[%emt 0:01:25]} Nc6 {[%emt 0:08:20]} 46. f6 {[%emt 0:02:02]} Nxd4 {[%emt 0:00:33]} 47. e7+ {[%emt 0:00:41]} Kg8 {[%emt 0:01:24]} 48. Bg6 {[%emt 0:00:40]} Ne6+ {[%emt 0:01:58]} 49. Kh6 {[%emt 0:00:36]} 1-0

[Event "WYCC 2018 O18"]
[Site "Halkidiki"]
[Date "2018.10.23"]
[Round "5"]
[White "Mitrabha, Guha"]
[Black "Kadianis, Georgios"]
[Result "1-0"]
[WhiteElo "2352"]
[BlackElo "1928"]
[Annotator "NA"]
[PlyCount "89"]
[EventDate "2018.10.20"]
[EventType "swiss"]
[EventCountry "GRE"]
[SourceTitle "playchess.com"]
[Source "ChessBase"]
[SourceQuality "1"]
[TimeControl "40/5400+30:1800+30"]

1. d4 {[%emt 0:02:49]} d5 {[%emt 0:00:00]} 2. Nf3 {[%emt 0:00:07]} Nf6 {[%emt 0:00:00]} 3. c4 {[%emt 0:00:04]} c6 {[%emt 0:00:00]} 4. Nbd2 {[%emt 0:00:06]} e6 {[%emt 0:05:24]} 5. g3 {[%emt 0:00:10]} dxc4 {[%emt 0:01:44] D30: Damengambit (ohne Sc3)} (5... Be7 6. Bg2 O-O 7. O-O b6 8. b3 Bb7 9. Bb2 Nbd7 10. Rc1 Rc8 11. e3 dxc4 12. Nxc4 c5 13. Qe2 cxd4 14. Nxd4 Bxg2 15. Kxg2 a6 16. Nf3 b5 17. Nce5 Qb6 18. Nxd7 {½-½ (18) Dubov,D (2691)-Korobov,A (2664) Abu Dhabi 2018}) 6. Nxc4 {[%emt 0:00:08]} b5 {[%emt 0:03:20]} 7. Nce5 {[%emt 0:00:47]} Bb7 {[%emt 0:03:40]} 8. Bg2 {[%emt 0:04:03]} Be7 {[%emt 0:03:38]} 9. O-O {[%emt 0:00:43]} O-O {[%emt 0:00:06]} 10. Qb3 {[%emt 0:01:18]} Nbd7 {[%emt 0:03:03]} 11. Rd1 $146 {[%emt 0:00:21]} ({Vorgänger:} 11. a4 a6 12. Bf4 Nd5 13. Rfc1 Rc8 14. Nxd7 Qxd7 15. Ne5 Qd8 {1-0 (31) Postnikov,A (2024)-Survilo,V (1937) Berdsk 2010}) 11... Qc7 {[%emt 0:06:36]} 12. Bf4 {[%emt 0:02:21]} Nxe5 {[%emt 0:05:35]} 13. Nxe5 {[%emt 0:00:18]} Qb6 {[%emt 0:05:32]} 14. Be3 {[%emt 0:01:11]} Qa6 {[%emt 0:08:25]} 15. a4 {[%emt 0:02:24]} b4 {[%emt 0:08:43]} 16. Nd3 {[%emt 0:00:59]} Nd5 {[%emt 0:04:03]} 17. Bd2 {[%emt 0:00:06]} Qb6 {[%emt 0:02:11]} 18. e4 {[%emt 0:00:51]} Nc7 {[%emt 0:00:23]} 19. Nc5 {[%emt 0:00:25]} Bc8 {[%emt 0:12:15]} 20. a5 {[%emt 0:03:54]} Qb8 {[%emt 0:00:22]} 21. Bf4 {[%emt 0:00:30]} Rd8 {[%emt 0:07:22]} 22. Ra4 {[%emt 0:01:46]} Bxc5 {[%emt 0:02:58]} 23. dxc5 {[%emt 0:00:03]} Rxd1+ {[%emt 0:00:39]} 24. Qxd1 {[%emt 0:00:02]} Ba6 {[%emt 0:01:06]} 25. Qd7 {[%emt 0:04:45]} Qb5 {[%emt 0:09:40]} 26. Ra1 {[%emt 0:00:05]} e5 {[%emt 0:00:58]} 27. Bf1 {[%emt 0:02:06]} Qb7 {[%emt 0:02:38]} 28. Bxe5 {[%emt 0:00:19]} Ne6 {[%emt 0:00:18]} 29. Qxb7 {[%emt 0:00:23]} Bxb7 {[%emt 0:00:01]} 30. a6 {[%emt 0:00:08]} Bc8 {[%emt 0:00:11]} 31. Rd1 {[%emt 0:00:02]} f6 {[%emt 0:01:34]} 32. Bd6 {[%emt 0:00:18]} Kf7 {[%emt 0:00:51]} 33. Bc4 {[%emt 0:00:05]} Ke8 {[%emt 0:00:42]} 34. f4 {[%emt 0:00:06]} Bd7 {[%emt 0:01:00]} 35. h4 {[%emt 0:00:09]} Rd8 {[%emt 0:01:36]} 36. f5 {[%emt 0:00:20]} Nf8 {[%emt 0:00:29]} 37. Bxf8 {[%emt 0:00:16]} Kxf8 {[%emt 0:00:02]} 38. Be6 {[%emt 0:00:06]} Ke7 {[%emt 0:00:05]} 39. Rxd7+ {[%emt 0:00:04]} Rxd7 {[%emt 0:00:05]} 40. Bxd7 {[%emt 0:00:00]} Kxd7 {[%emt 0:00:00]} 41. Kf2 {[%emt 0:00:09]} g6 $18 {[%emt 0:01:11]} 42. g4 {[%emt 0:00:05]} Ke7 {[%emt 0:00:37]} 43. h5 {[%emt 0:00:22]} gxh5 {[%emt 0:03:29]} 44. gxh5 {[%emt 0:02:24]} Kf7 {[%emt 0:00:55]} 45. h6 {[%emt 0:00:02]} 1-0

[Event "WYCC 2018 O18"]
[Site "Halkidiki"]
[Date "2018.10.23"]
[Round "5"]
[White "Ahmadzada, Ahmad"]
[Black "Fawzy, Adham"]
[Result "1/2-1/2"]
[WhiteElo "2343"]
[BlackElo "2439"]
[Annotator "TA"]
[PlyCount "164"]
[EventDate "2018.10.20"]
[EventType "swiss"]
[EventCountry "GRE"]
[SourceTitle "playchess.com"]
[Source "ChessBase"]
[SourceQuality "1"]

{[%evp 22,164,58,48,108,63,83,65,80,54,142,144,138,124,123,131,129,123,122,116,106,85,149,143,219,221,310,317,387,66,62,49,538,512,529,162,175,167,171,151,141,146,146,146,145,150,171,150,178,172,188,185,243,230,234,235,241,234,228,234,234,234,234,220,835,907,1005,299,299,299,2881,2322,12576,10582,3800,12732,1269,1040,29979,29978,29971,104,104,104,104,104,104,104,104,104,104,104,104,104,104,104,104,104,104,104,104,104,104,104,104,104,104,104,126,126,126,126,126,126,126,64,64,64,64,64,64,64,64,64,64,11,11,11,11,11,11,11,11,11,11,8,8,8,8,8,8,8,8,8,8]} 1. Nf3 c5 2. c4 Nc6 3. Nc3 e6 4. g3 Nf6 5. Bg2 d5 6. cxd5 Nxd5 7. O-O Be7 8. d4 cxd4 9. Nxd5 exd5 10. Nxd4 O-O 11. Be3 Be6 12. Rc1 {LiveBook: 7 Games. A34: Symmetrical English: 2 Nc3, lines with ...d5} Ne5 (12... Nxd4 $14 13. Bxd4 Qd7) (12... Nxd4 13. Bxd4 Qa5 14. Qb3 Qb4 15. Qxb4 Bxb4 16. Rc7 b6 17. Rfc1 Bd6 18. R7c6 Rfd8 19. e3 Kf8 {1-0 (50) Vishnu,P (2526)-Certek,P (2294) Cappelle-la-Grande 2016}) 13. b3 $146 ({Predecessor:} 13. Nxe6 fxe6 14. Bh3 Qd7 15. f4 Nc6 16. Qb3 Kh8 17. Bf2 Rfe8 18. e4 Bf8 19. exd5 Qxd5 20. Qxb7 {1-0 (53) Eriksson,A (2367)-Lindberg,H (2268) Sweden 2008}) 13... Ba3 14. Rc2 {White is better.} Qd7 15. Bc1 Be7 (15... Bxc1 $14 16. Rxc1 (16. Qxc1 Rac8 $14) 16... Rac8) 16. f4 $16 Nc6 {[#]} 17. Rxc6 $1 {[%mdl 512]} bxc6 18. f5 Bc5 19. fxe6 fxe6 {...e5 is the strong threat.} 20. e3 Rxf1+ 21. Qxf1 e5 ({Black should play} 21... Qd6) 22. Bh3 Qd6 (22... Qe7 $16 {was called for.} 23. Ne6 (23. Nxc6 Qd6 $16) 23... g6) 23. Ne6 $18 Re8 (23... Qe7 $142 24. Qf2 Bd6) 24. Qf5 $1 d4 25. Qc2 $2 (25. Bf1 $18 dxe3 26. Bc4 e2+ 27. Kg2 (27. Nxc5+ Kh8 $16) 27... Rxe6 28. Bd2 (28. Bxe6+ Kh8 $14)) 25... Bb6 $14 26. Ng5 d3 $2 {[%mdl 8192]} ({Black should try} 26... e4 $1 $14) 27. Qc4+ $18 Qd5 28. Be6+ $2 (28. Qh4 h6 29. Qh5) 28... Rxe6 29. Qxd5 ({Inferior is} 29. Nxe6 d2 $11) 29... cxd5 30. Nxe6 Ba5 31. Kf2 $1 {Black must now prevent Bb2.} d2 32. Bxd2 $1 Bxd2 $16 {[%mdl 4096] Endgame KB-KN} 33. Nc7 $1 d4 34. exd4 exd4 35. Ke2 Be3 36. Nd5 Bg5 (36... Bc1 $142 37. Kd3 Kf7) 37. Kd3 $18 Kf7 38. Kxd4 Ke6 39. b4 Kd6 {[#]} 40. b5 $1 Bd8 41. a4 {[%cal Ba2a4,Ba4a5,Ba5a6][%mdl 32]} h5 42. h3 {[%cal Bh2h3,Bh3h4,Bh4h5][%mdl 32]} h4 $2 (42... g5 43. g4 hxg4 44. hxg4 Ba5) 43. gxh4 Bxh4 44. a5 Bf2+ 45. Kc4 Bg1 $2 (45... Ke6 46. a6 Kd7) 46. h4 Bf2 47. h5 Bg1 48. a6 Kd7 49. b6 axb6 50. Kb5 Kc8 51. Nxb6+ $2 (51. Ne7+ {mates} Kb8 52. Nf5 Bh2 53. Nxg7 Bf4 54. Nf5 Bg5 55. h6 Bf6 56. Nd6) 51... Kb8 $16 52. Nd7+ Ka7 53. Ne5 Kb8 54. Nc6+ Kc7 55. Ne7 Bd4 56. Nf5 Bf6 57. Nd6 {Threatening mate with Ne8+.} Kb8 58. Nc4 Bd4 59. Nd2 Ka7 60. Nf3 Bf6 61. Ne1 Bd4 62. Nd3 Bg1 63. Nf4 Bd4 {[#]} 64. Nd5 $1 Ba1 65. Ne7 Kb8 66. Nc6+ Kc7 67. Kc5 Bb2 68. Kd5 (68. Nd4 $16 Kb8 69. Nb5) 68... Ba1 $14 69. a7 $1 {[%cal Ra7a8]} Kb7 70. Ke6 Bb2 71. Kf7 Bc3 72. Kg6 Bb2 73. Nd8+ ({Better is} 73. Kf5 $14) 73... Kxa7 $11 {The position is equal.} 74. Ne6 Kb7 75. Nxg7 {Hoping for h6.} Bc1 $1 76. Ne6 {And now Ng5 would win.} Kc8 77. Ng5 Kd7 78. h6 Ke7 79. h7 Bb2 80. Nf7 Ba1 81. Nh6 Bb2 82. Ng8+ Ke6 $1 {Precision: White = 70%, Black = 58%.} 1/2-1/2

[Event "WYCC 2018 O18"]
[Site "Halkidiki"]
[Date "2018.10.23"]
[Round "5"]
[White "Ranaldi, Lucas"]
[Black "Lazov, Toni"]
[Result "0-1"]
[WhiteElo "2335"]
[BlackElo "2292"]
[Annotator "NA"]
[PlyCount "54"]
[EventDate "2018.10.20"]
[EventType "swiss"]
[EventCountry "GRE"]
[SourceTitle "playchess.com"]
[Source "ChessBase"]
[SourceQuality "1"]
[TimeControl "40/5400+30:1800+30"]

1. Nf3 {[%emt 0:00:00]} Nf6 {[%emt 0:00:00]} 2. c4 {[%emt 0:00:00]} g6 {[%emt 0:00:00]} 3. Nc3 {[%emt 0:00:00]} Bg7 {[%emt 0:00:00]} 4. e4 {[%emt 0:00:00]} d6 {[%emt 0:00:24]} 5. d4 {[%emt 0:00:00]} O-O {[%emt 0:00:05]} 6. Be2 {[%emt 0:00:00]} Na6 {[%emt 0:01:35]} 7. O-O {[%emt 0:00:00]} e5 {[%emt 0:00:08]} 8. Be3 {[%emt 0:00:04]} Ng4 {[%emt 0:01:57]} 9. Bg5 {[%emt 0:00:05]} Qe8 {[%emt 0:01:25]} 10. Re1 {[%emt 0:00:42]} f6 {[%emt 0:08:40]} 11. Bh4 {[%emt 0:01:29]} h5 {[%emt 0:01:04]} 12. h3 {[%emt 0:04:10]} Nh6 $16 {[%emt 0:02:34] LiveBook: 3 Games} 13. d5 {[%emt 0:35:06]} g5 {[%emt 0:15:18]} 14. Bg3 {[%emt 0:00:53]} Qg6 {[%emt 0:00:06]} 15. Nd2 {[%emt 0:11:16]} g4 {[%emt 0:06:39]} 16. hxg4 {[%emt 0:05:58]} hxg4 {[%emt 0:04:47]} 17. Nf1 {[%emt 0:04:01]} Nc5 {[%emt 0:12:13]} 18. Bd3 {[%emt 0:18:23]} Nxd3 {[%emt 0:05:57]} 19. Qxd3 {[%emt 0:00:02]} f5 {[%emt 0:00:14]} 20. exf5 {[%emt 0:00:21]} Nxf5 {[%emt 0:00:44]} 21. Ne3 {[%emt 0:00:55]} Qh5 {[%emt 0:06:05]} 22. Nxf5 {[%emt 0:01:29]} Bxf5 {[%emt 0:01:40]} 23. Ne4 {[%emt 0:00:13]} Rf7 {[%emt 0:04:55]} 24. Re2 {[%emt 0:02:21]} Raf8 {[%emt 0:05:46]} 25. Rf1 {[%emt 0:00:33]} Bh6 {[%emt 0:05:51]} 26. b3 {[%emt 0:10:56]} Bf4 {[%emt 0:02:37]} 27. Bxf4 {[%emt 0:00:50]} exf4 {[%emt 0:00:31]} 0-1

[Event "WYCC 2018 O18"]
[Site "Halkidiki"]
[Date "2018.10.23"]
[Round "5"]
[White "Wang, Shixu B"]
[Black "Costachi, Mihnea"]
[Result "1/2-1/2"]
[WhiteElo "2330"]
[BlackElo "2484"]
[Annotator "TA"]
[PlyCount "86"]
[EventDate "2018.10.20"]
[EventType "swiss"]
[EventCountry "GRE"]
[SourceTitle "playchess.com"]
[Source "ChessBase"]
[SourceQuality "1"]

{[%evp 12,86,29,10,7,3,5,-7,31,18,21,0,6,7,46,56,69,69,72,61,86,18,65,60,75,0,41,64,80,43,242,251,237,159,181,179,171,171,167,95,107,89,105,70,82,82,75,73,62,4,273,8,68,11,11,2,5,6,6,5,5,0,1,0,4,0,0,0,0,0,0,0,0,0,0,0,0]} 1. d4 Nf6 2. c4 g6 3. Nc3 Bg7 4. e4 d6 5. Nge2 {[%cal Bg1e2,Be2g3,Bg3f1,Bf1e3][%mdl 32]} O-O 6. Ng3 h5 7. h4 {LiveBook: 6 Games. E70: King's Indian: Miscellaneous lines with 4 e4, including 5 Nge2 and 5 Bd3 0-0 6 Nge2} (7. Be2 a6 8. O-O c5 9. d5 e5 10. Bg5 Qe8 11. Qd2 Nh7 12. Bh6 h4 13. Nh1 Qe7 14. Bxg7 Kxg7 {½-½ (40) Bologan,V (2670)-Mamedov,R (2641) Rhodes 2013}) 7... Nc6 8. d5 Ne5 9. Be2 c5 10. Bf4 a6 11. Nf1 $146 ({Predecessor:} 11. Qd2 Kh7 12. Bg5 Bd7 13. O-O Qa5 14. f4 Neg4 {1-0 (24) Taylor,T (2401)-McClary,L Los Angeles 2003}) 11... Bd7 12. a4 Ne8 13. Ne3 e6 14. Bg5 f6 15. Bf4 exd5 16. cxd5 ({White should try} 16. Qxd5+ $16 Kh7 17. O-O-O (17. Qxb7 Nc7 $11)) 16... Nc7 17. g4 $36 {[%mdl 2048] White fights for an advantage.} hxg4 {[#]} 18. h5 (18. Bxe5 $1 $16 fxe5 19. Bxg4) 18... gxh5 19. Rxh5 {[%cal Re2g4]} Qe8 $1 {[%cal Re8h5] [#]} 20. Bxe5 $1 {[%mdl 512]} fxe5 $2 (20... Qxh5 $14 21. Bxd6 Rfc8) (20... dxe5 21. Bxg4) 21. Bxg4 $18 Rf4 22. Nf5 Bxf5 23. Bxf5 b5 24. Rg5 Kf8 25. Qd3 (25. Ne2 $18 Rh4 26. Ng3) 25... Bf6 $16 26. Rg6 Ke7 27. Rh6 Rh4 {[#]} 28. Rxh4 $1 Bxh4 29. Qh3 Qh5 30. axb5 (30. Bc8 $1 $14 b4 31. Nd1 (31. Qd7+ Kf8 $11)) 30... Rg8 $2 {[%mdl 8192]} (30... Nxb5 $11 31. Nxb5 Rg8) 31. Kf1 $2 (31. b6 $18 Nb5 32. Kd2 (32. Rxa6 Rg1+ 33. Kd2 c4 $17)) 31... Qg5 ({Black should play} 31... Nxb5 $11 32. Nxb5 axb5) 32. Ke2 (32. Ne2 $14 Nxb5 33. Rxa6) 32... Qf4 $11 {The position is equal.} 33. Qf3 {Black must now prevent Qxf4.} Qxf3+ 34. Kxf3 {Strongly threatening b6.} Nxb5 35. Nxb5 ({Of course not} 35. Rxa6 Nd4+ 36. Ke3 c4 $15) 35... axb5 {[%mdl 4096] Endgame KRB-KRB} 36. Ra7+ Kf8 $1 37. Rh7 Bf6 38. Be6 Rg7 39. Rh8+ Ke7 40. Rb8 b4 41. Rb7+ Ke8 42. Rb6 Ke7 43. Rb7+ Ke8 {Precision: White = 42%, Black = 45%.} 1/2-1/2

[Event "WYCC 2018 O18"]
[Site "Halkidiki"]
[Date "2018.10.23"]
[Round "5"]
[White "Pantzar, Milton"]
[Black "Tifferet, Shaked"]
[Result "1-0"]
[WhiteElo "2326"]
[BlackElo "2254"]
[Annotator "NA"]
[PlyCount "77"]
[EventDate "2018.10.20"]
[EventType "swiss"]
[EventCountry "GRE"]
[SourceTitle "playchess.com"]
[Source "ChessBase"]
[SourceQuality "1"]
[TimeControl "40/5400+30:1800+30"]

1. c4 {[%emt 0:00:00]} Nf6 {[%emt 0:00:00]} 2. Nc3 {[%emt 0:00:00]} e6 {[%emt 0:00:00]} 3. e4 {[%emt 0:00:29]} d5 {[%emt 0:00:05]} 4. e5 {[%emt 0:00:30]} d4 {[%emt 0:00:09]} 5. exf6 {[%emt 0:00:20]} dxc3 {[%emt 0:00:06]} 6. bxc3 {[%emt 0:00:20]} Qxf6 {[%emt 0:00:06]} 7. d4 {[%emt 0:00:19]} b6 {[%emt 0:00:17]} 8. Be2 {[%emt 0:01:14]} Bb7 {[%emt 0:00:09]} 9. Bf3 {[%emt 0:00:47]} Bxf3 {[%emt 0:00:13]} 10. Nxf3 {[%emt 0:00:06]} Bd6 {[%emt 0:01:54]} 11. Qa4+ {[%emt 0:00:40]} c6 {[%emt 0:00:38]} 12. O-O {[%emt 0:00:36]} O-O {[%emt 0:03:36] LiveBook: 13 Games} 13. Rb1 {[%emt 0:02:04]} Qf5 {[%emt 0:03:21]} 14. Rxb6 {[%emt 0:21:06]} axb6 {[%emt 0:00:23]} 15. Qxa8 {[%emt 0:00:05]} Qd3 {[%emt 0:00:13]} 16. Qa4 {[%emt 0:07:57]} Qxc3 $11 {[%emt 0:05:55]} 17. Be3 {[%emt 0:06:42]} Qa3 {[%emt 0:29:05]} 18. Qxa3 {[%emt 0:07:08]} Bxa3 {[%emt 0:00:25]} 19. Rb1 {[%emt 0:00:25]} b5 {[%emt 0:27:29]} 20. cxb5 {[%emt 0:08:36]} cxb5 {[%emt 0:00:06]} 21. Rxb5 {[%emt 0:00:11]} Rd8 {[%emt 0:03:45]} 22. Kf1 {[%emt 0:10:26]} Nc6 {[%emt 0:01:25]} 23. Ke2 {[%emt 0:02:51]} Ra8 {[%emt 0:02:47]} 24. Ne5 {[%emt 0:09:10]} Ne7 {[%emt 0:02:52]} 25. Bd2 {[%emt 0:06:51]} Nf5 {[%emt 0:03:02]} 26. Kd3 {[%emt 0:02:25]} Bd6 {[%emt 0:00:59]} 27. Ra5 {[%emt 0:02:06]} Rd8 {[%emt 0:00:11]} 28. Nc6 {[%emt 0:01:01]} Rc8 {[%emt 0:00:34]} 29. Ra6 {[%emt 0:00:20]} h5 {[%emt 0:00:58]} 30. g3 {[%emt 0:00:57]} Rc7 {[%emt 0:01:50]} 31. a4 {[%emt 0:02:30]} Rd7 {[%emt 0:00:23]} 32. a5 {[%emt 0:02:19]} Bc5 {[%emt 0:06:11]} 33. Ra8+ {[%emt 0:01:36]} Kh7 {[%emt 0:00:14]} 34. Rd8 {[%emt 0:00:38]} Rxd8 {[%emt 0:01:16]} 35. Nxd8 {[%emt 0:00:02]} Nxd4 {[%emt 0:01:04]} 36. Be3 {[%emt 0:03:06]} e5 {[%emt 0:00:21]} 37. Nxf7 {[%emt 0:00:38]} Nc6 {[%emt 0:05:56]} 38. Bxc5 {[%emt 0:00:28]} Kg6 {[%emt 0:00:05]} 39. a6 {[%emt 0:01:16]} 1-0

[Event "WYCC 2018 O18"]
[Site "Halkidiki"]
[Date "2018.10.23"]
[Round "5"]
[White "Banzea, Alexandru-Bogdan"]
[Black "Bratkovic, Jakob"]
[Result "1-0"]
[WhiteElo "2313"]
[BlackElo "2242"]
[Annotator "NA"]
[PlyCount "69"]
[EventDate "2018.10.20"]
[EventType "swiss"]
[EventCountry "GRE"]
[SourceTitle "playchess.com"]
[Source "ChessBase"]
[SourceQuality "1"]
[TimeControl "40/5400+30:1800+30"]

1. e4 {[%emt 0:00:00]} c5 {[%emt 0:01:50]} 2. Nf3 {[%emt 0:00:00]} e6 {[%emt 0:00:17]} 3. d4 {[%emt 0:00:06]} cxd4 {[%emt 0:00:07]} 4. Nxd4 {[%emt 0:00:08]} Nc6 {[%emt 0:00:07]} 5. Nc3 {[%emt 0:00:07]} Qc7 {[%emt 0:00:05]} 6. Qd3 {[%emt 0:00:08] B47: Sicilian: Taimanov: 5 Nc3 Qc7 6 f4, 6 g3 and 6 Be2} (6. Be3 a6 7. Qf3 Nf6 8. O-O-O Ne5 9. Qg3 b5 10. a3 Bb7 11. Bxb5 Rc8 12. Ba4 Nxe4 13. Nxe4 Bxe4 14. Bf4 Qc4 15. Bxe5 Qxa4 {1-0 (38) Vachier Lagrave,M (2789)-Anand,V (2776) Karlsruhe/Baden-Baden 2018}) 6... Nf6 {[%emt 0:00:47]} 7. Ndb5 {[%emt 0:00:10]} Qb8 {[%emt 0:00:06]} 8. f4 {[%emt 0:00:36]} a6 {[%emt 0:11:16]} 9. Nd4 {[%emt 0:01:05]} Nb4 $146 {[%emt 0:02:19]} ({Predecessor:} 9... d5 10. e5 Nd7 11. Be3 Bc5 12. O-O-O Qa7 13. Be2 b5 {1-0 (79) Motylev,A (2653)-Mirzoev,E (2424) Minsk 2015}) 10. Qg3 {[%emt 0:13:05]} d6 {[%emt 0:10:26]} 11. a3 {[%emt 0:07:03]} Nc6 {[%emt 0:04:18]} 12. Be3 {[%emt 0:04:30]} Nxd4 {[%emt 0:05:25]} 13. Bxd4 {[%emt 0:00:37]} Nh5 {[%emt 0:00:10]} 14. Qf3 {[%emt 0:02:14]} Nxf4 {[%emt 0:06:45]} 15. Qxf4 {[%emt 0:03:48]} e5 {[%emt 0:00:08]} 16. Qd2 {[%emt 0:02:52]} exd4 {[%emt 0:00:47]} 17. Nd5 {[%emt 0:00:30]} Be6 {[%emt 0:05:22]} 18. Qxd4 {[%emt 0:06:00]} Qd8 {[%emt 0:03:48]} 19. O-O-O {[%emt 0:04:18]} Rc8 {[%emt 0:09:05]} 20. h4 {[%emt 0:04:38]} Qa5 {[%emt 0:02:16]} 21. Kb1 {[%emt 0:08:55]} Qc5 {[%emt 0:02:41]} 22. Qd2 {[%emt 0:01:22]} Bxd5 {[%emt 0:03:45]} 23. exd5 {[%emt 0:00:07]} Be7 {[%emt 0:00:03]} 24. Re1 {[%emt 0:04:05]} Rc7 {[%emt 0:00:13]} 25. g4 {[%emt 0:00:42]} O-O {[%emt 0:01:17]} 26. g5 {[%emt 0:00:22]} b5 {[%emt 0:04:05]} 27. Rh3 {[%emt 0:06:03]} Rb8 $14 {[%emt 0:02:40]} 28. Rhe3 {[%emt 0:01:18]} Bf8 {[%emt 0:00:08]} 29. h5 {[%emt 0:01:06]} Rcc8 {[%emt 0:02:43]} 30. Bh3 {[%emt 0:00:57]} Rd8 {[%emt 0:01:04]} 31. g6 {[%emt 0:01:07]} fxg6 {[%emt 0:01:15]} 32. hxg6 {[%emt 0:00:24]} h6 {[%emt 0:00:09]} 33. Be6+ {[%emt 0:01:52]} Kh8 {[%emt 0:00:04]} 34. Rh3 {[%emt 0:00:13]} b4 {[%emt 0:03:10]} 35. Rf1 {[%emt 0:00:35]} 1-0